Pobreza y violencias en Colombia : (Registro nro. 8562)
[ vista simple ]
| 000 -LEADER | |
|---|---|
| fixed length control field | 02617nam a2200277Ia 4500 |
| 003 - CONTROL NUMBER IDENTIFIER | |
| control field | OSt |
| 005 - DATE AND TIME OF LATEST TRANSACTION | |
| control field | 20210920173425.0 |
| 008 - FIXED-LENGTH DATA ELEMENTS--GENERAL INFORMATION | |
| fixed length control field | 210310s2005 ck gr 000 0dspa d |
| 020 ## - INTERNATIONAL STANDARD BOOK NUMBER | |
| International Standard Book Number | 9589285333 |
| 040 ## - CATALOGING SOURCE | |
| Original cataloging agency | CO-JMCR |
| Transcribing agency | CO-JMCR |
| 041 0# - LANGUAGE CODE | |
| Language code of text/sound track or separate title | spa |
| 082 04 - DEWEY DECIMAL CLASSIFICATION NUMBER | |
| Classification number | 364.256 / |
| Item number | V856p |
| Edition number | 23 |
| 100 1# - MAIN ENTRY--PERSONAL NAME | |
| Personal name | Vivas Benítez, Alejandro, |
| 9 (RLIN) | 17633 |
| Relator term | autor |
| 245 10 - TITLE STATEMENT | |
| Title | Pobreza y violencias en Colombia : |
| Remainder of title | agenda de diagnósticos y soluciones / |
| Statement of responsibility, etc. | Alejandro Vivas Benítez |
| 260 ## - PUBLICATION, DISTRIBUTION, ETC. | |
| Place of publication, distribution, etc. | Bogotá : |
| Name of publisher, distributor, etc. | Pontificia Universidad Javeriana, |
| Date of publication, distribution, etc. | 2004 |
| 300 ## - PHYSICAL DESCRIPTION | |
| Extent | 160 páginas ; |
| Dimensions | 22 cm. |
| 490 0# - SERIES STATEMENT | |
| Series statement | Serie soluciones en desarrollo ; |
| Volume/sequential designation | 12 |
| 500 ## - GENERAL NOTE | |
| General note | Incluye notas a pie de página y datos biográficos del autor.<br/>Subtítulo tomado de la caratula. |
| 504 ## - BIBLIOGRAPHY, ETC. NOTE | |
| Bibliography, etc. note | Bibliografía: páginas 151-160 |
| 505 0# - FORMATTED CONTENTS NOTE | |
| Formatted contents note | Hipótesis sobre problemas colombianos actuales y variables cruciales de solución -- Soluciones a realidades sociales prioritarias -- Bases de la construcción de nación -- Pobreza, desigualdad y terrorismo: un modelo de teoría de juegos |
| 520 3# - SUMMARY, ETC. | |
| Summary, etc. | ¿Podemos plantear problemas que permitan despejar soluciones concretas a realidades como pobreza y desigualdad; violencias; desempleo: narcotráfico: clientelismo político: corrupción e impunidad? para lograrlo, en el planteamiento de los problemas deben aparecer, por una parte, los actores sociales involucrados y los objetivos sobre variables de interés para ellos y, por otra parte, las restricciones efectivas y las fortalezas que tienen los actores sobre dichas variables de interés. imprescindiblemente, los planteamientos también deben recoger las acciones de la sociedad internacional, que afectan a Colombia positivamente en unos casos, negativamente en otros.<br/>El diagnóstico plantea la operación de cinco procesos interactuantes de bloqueos en la sociedad, cuya capacidad está referida al número de personas que involucran y a sus dotaciones iniciales de riqueza y poder. los bloqueos hacen que la economía opere en condiciones de ineficiencia técnica, empresarial y social y crezca a tasas bajas y que al tiempo haya niveles altos de desigualdad en la distribución de la riqueza.<br/>Se definen tres reformas básicas, dirigidas al sistema económico, al sistema educativo y al sistema de resolución de conflictos económicos, y dos ejes que proporcionan el entorno necesario para las tres reformas: uno de re-institucionalización del país y otro de "mundialización".<br/> |
| 650 14 - SUBJECT ADDED ENTRY--TOPICAL TERM | |
| Topical term or geographic name entry element | Violencia |
| 9 (RLIN) | 17635 |
| Geographic subdivision | Colombia |
| 651 #4 - SUBJECT ADDED ENTRY--GEOGRAPHIC NAME | |
| Geographic name | Colombia |
| General subdivision | Condiciones económicas |
| 9 (RLIN) | 7526 |
| 651 #4 - SUBJECT ADDED ENTRY--GEOGRAPHIC NAME | |
| Geographic name | Colombia |
| General subdivision | Condiciones sociales |
| 9 (RLIN) | 9846 |
| 942 ## - ADDED ENTRY ELEMENTS (KOHA) | |
| Source of classification or shelving scheme | Dewey Decimal Classification |
| Koha item type | Books |
| Withdrawn status | Lost status | Source of classification or shelving scheme | Damaged status | Not for loan | Collection code | Home library | Current library | Date acquired | Source of acquisition | Full call number | Barcode | Date last seen | Copy number | Koha item type |
|---|---|---|---|---|---|---|---|---|---|---|---|---|---|---|
| Dewey Decimal Classification | Non-fiction | Biblioteca Pública José María del Castillo y Rada | Biblioteca Pública José María del Castillo y Rada | 04/15/2018 | Donación | 364.256 / V856p | 430006265 | 05/16/2024 | Ej.1 | Books |